Teoretické problémy strategie ekonomického vývoje rozvojových zemí socialistické orientace

Gespeichert in:
Bibliographische Detailangaben
1. Verfasser: Krýsl, Jaroslav
Format: Buch
Sprache:Tschechisch
Veröffentlicht: Praha Ekonomický ústav ČSAV 1982
Schriftenreihe:IPE č. 133
Tags: Tag hinzufügen
Keine Tags, Fügen Sie das erste Tag hinzu!

MARC

LEADER 00000nam a2200000 4500
001 c132008
005 20041019155254.0
041 0 |a cze 
044 |a CZ 
245 1 0 |a Teoretické problémy strategie ekonomického vývoje rozvojových zemí socialistické orientace  |c Jaroslav Krýsl 
264 1 |a Praha  |b Ekonomický ústav ČSAV  |c 1982 
300 |a 98 s. 
490 1 |a IPE  |v č. 133 
830 0 |a IPE  |v č. 133 
100 1 |a Krýsl, Jaroslav